| 000 | 00418 a2200121 4500 | ||
|---|---|---|---|
| 040 |
_aDLC _bDLC |
||
| 082 | _a004.2 NOO | ||
| 100 | _aNoor M. Sheikh Dr. | ||
| 245 |
_aAdvance Computer Architecture: Lectures 1-45, CS-501, (09 CD's) _cDr. Noor M. Sheikh |
||
| 260 |
_aLahore _bVirtual University _c2005 |
||
| 500 | _aLectures 1-5, 6-10, 11-15, 16-20, 21-25, 26-30, 31-35, 36-40, 41-45, (09 CD's) | ||
| 942 |
_cCD _k004.2 NOO _2ddc |
||
| 999 |
_c9676 _d9676 |
||